| 000 | 01134cam a2200229 4500 | ||
|---|---|---|---|
| 001 | ##L134185 | ||
| 008 | 060717n2006 000 0 eng u | ||
| 035 | _a(Sirsi) u134185 | ||
| 041 | 0 | _aeng | |
| 050 | 0 | 4 | _a333.790941 $2 22 |
| 110 | 1 |
_aUnited Kingdom _bDepartment of Trade and Industry |
|
| 245 | 0 | 4 |
_aThe energy challenge _benergy review report 2006 |
| 260 |
_aLondon _bTSO _c2006 |
||
| 490 | 0 |
_aCm _v6887 |
|
| 520 | _aExamines progress against the medium and long-term goals set out in the 2003 Energy White Paper (J125519): cutting carbon dioxide emissions by some 60% by about 2050, maintaining reliable energy supplies, promoting competitive energy markets in the UK and beyond and ensuring that every home is adequately and affordably heated. Considers options for further steps to achieve them. | ||
| 590 | _aIKA180706 NTK | ||
| 651 | 4 |
_aUnited Kingdom _y |
|
| 690 | _aENVIRONMENTAL AND LAND CONSULTANCY-ENERGY | ||
| 690 | _aENVIRONMENTAL AND LAND CONSULTANCY-ENERGY-RENEWABLE ENERGY | ||
| 856 | 4 | 0 |
_uhttps://www.dti.gov.uk/energy/review/index.html _zView the report free of charge at www.dti.gov.uk... |
| 942 | _n0 | ||
| 999 |
_c105590 _d105590 |
||